| 000 | 02108nam0a2200361 4500 | ||
|---|---|---|---|
| 001 | RU\NLR\BIBL_A\022279155 | ||
| 005 | 20260420012226.0 | ||
| 010 |
_a978-5-98422-661-5 _9500 |
||
| 021 |
_aRU _bКН-П-24-032056 _9КН-П-24-3244 |
||
| 035 | _a(NLR Aleph) 022279155 | ||
| 090 |
_a13660744 _c13660744 |
||
| 100 | _a20240716d2024 u y0rusy50 ca | ||
| 101 | 0 | _arus | |
| 102 | _aRU | ||
| 105 | _aa j 000yy | ||
| 181 | 0 |
_ai3 _baxxe |
|
| 182 | 0 | _an | |
| 200 | 1 |
_aСовременные направления социальных наук: содержание и методика преподавания _eучебно-методическое пособие _fВ. М. Ананишнев, С. М. Осмоловская, А. В. Ткаченко, Е. И. Лагутина |
|
| 203 |
_aТекст _bвизуальный _cнепосредственный |
||
| 210 |
_aМосква _cРитм _d2024 |
||
| 215 |
_a245 с. _cтабл. _d20 |
||
| 300 | _aВ вып. дан. авт.: Ананишнев В. М., д-р социол. наук, д-р бизнес-администрирования, проф., Осмоловская С. М., канд. социол. наук, доц., Ткаченко А. В., канд. ист. наук, доц., Лагутина Е. И. | ||
| 320 | _aБиблиогр. в конце ст. | ||
| 606 | 1 |
_aОбщественные науки _jУчебно-методические пособия для высших учебных заведений _xПреподавание _xВысшая школа _91746893 _3RU\NLR\AUTH\66782172 |
|
| 686 | 1 | _aЧ486.305я73 | |
| 701 | 1 |
_aАнанишнев _bВ. М. _f1953- _gВладимир Максимович |
|
| 701 | 1 |
_aОсмоловская _bС. М. _gСветлана Михайловна |
|
| 701 | 1 |
_7ca _8rus _aТкаченко _bА. В. _cканд. ист. наук _gАлександр Владимирович _956169 _3RU\NLR\AUTH\7773241 |
|
| 701 | 1 |
_aЛагутина _bЕ. И. _gЕвгения Ивановна |
|
| 942 | _cBOOK | ||
| 980 | _aNB | ||